Normal view
MARC view
Entry Personal Name
001 - CONTROL NUMBER
- control field: 56195
003 - CONTROL NUMBER IDENTIFIER
- control field: dpl
005 - DATE AND TIME OF LATEST TRANSACTION
- control field: 20230911121338.0
008 - FIXED-LENGTH DATA ELEMENTS
- fixed length control field: 230911|| aca||aabn | a|a d
040 ## - CATALOGING SOURCE
- Original cataloging agency: dpl
- Transcribing agency: dpl
100 ## - HEADING--PERSONAL NAME
- Personal name: पांडेय, शत्रुघ्न कुमार
670 ## - SOURCE DATA FOUND
- Source citation: Work cat.: (dpl)197970: पांडेय, शत्रुघ्न कुमार, अमर शहीद जयमंगल पांडेय और रामगढ बटालियन का स्वतंत्र समर /, 2022
